=LDR 00000nam 2200000 4500 =001 INLIS000000000047432 =005 20200416075436 =035 ##$$a 0010-111500000000036 =008 200416################g##########0#ind## =082 ##$$a 2x1.3 =100 1#$$a Shiddieqy =245 1#$$a Tafsir Al-Quranul Majied "An-nur" /$c Prof. T.M. Hasbi Ash-Shiddieqy =250 ##$$a Cet.3 =260 ##$$a Jakarta :$b Bulan Bintang,$c 1970 =300 ##$$a 184 Hlm ; $c 15 x 21 cm =850 ##$$a NBPNMAT =084 ##$$a 2x1.3 SHI t =990 ##$$a 0001/BPAP-NTB/2015